[Event "Novokuznetsk SFO-ch U15 Girls"]
[Site "Novokuznetsk"]
[Date "2014.11.05"]
[Round "4"]
[White "Kostrigina, Ekaterina"]
[Black "Popova, Katerina"]
[Result "1-0"]
[WhiteElo "800"]
[BlackElo "800"]
[PlyCount "49"]
[EventDate "2014.11.02"]
[EventType "swiss"]
[EventRounds "9"]
[EventCountry "RUS"]
[SourceTitle "CBM 163 Extra"]
[Source "ChessBase"]
[SourceDate "2014.12.23"]
[SourceVersion "1"]
[SourceVersionDate "2014.12.23"]
[SourceQuality "1"]

1. e4 e6 2. d4 d5 3. Nd2 dxe4 4. Nxe4 Nd7 5. Nf3 Ngf6 6. Bd3 Be7 7. Bd2 b6 8. c3 Bb7 9. Qc2 Nxe4 10. Bxe4 Bxe4 11. Qxe4 Nf6 12. Qc6+ Nd7 13. Ne5 Rf8 14. Nxd7 Qxd7 15. Qxa8+ Bd8 16. Qe4 f5 17. Qe2 Qd5 18. Qe5 Qxg2 19. Qxe6+ Be7 20. 0-0-0 Rf6 21. Qc8+ Kf7 22. Rhe1 Qc6 23. Bg5 Rd6 24. Bxe7 Rg6 25. Qf8# 1-0